European Capitals by Proximity - Statistics

General Stats
  • This quiz has been taken 49 times
  • The average score is 38 of 45
Answer Stats
Capital Closest Capital % Correct
Reykjavík Dublin
98%
Helsinki Tallinn
95%
Dublin London
93%
Riga Vilnius
93%
Paris Brussels
91%
Vilnius Minsk
91%
Athens Skopje
91%
Minsk Vilnius
91%
Brussels Amsterdam
89%
Vaduz Bern
89%
Chisinau Bucharest
89%
Lisbon Madrid
89%
Pristina Skopje
89%
Oslo Stockholm
89%
Copenhagen Berlin
86%
Amsterdam Brussels
86%
Luxembourg Brussels
86%
Andorra La Vella Madrid
86%
Moscow Minsk
86%
San Marino Rome
86%
Vatican City Rome
86%
Sofia Skopje
86%
Bucharest Sofia
86%
Bratislava Vienna
86%
Ljubljana Zagreb
86%
Madrid Andorra La Vella
84%
Budapest Bratislava
84%
Skopje Pristina
84%
Rome Vatican City
84%
Warsaw Vilnius
84%
Vienna Bratislava
82%
London Brussels
82%
Kiev Chisinau
82%
Tallinn Helsinki
82%
Tirana Podgorica
82%
Belgrade Sarajevo
82%
Bern Vaduz
82%
Prague Vienna
82%
Zagreb Ljubljana
80%
Sarajevo Podgorica
80%
Stockholm Tallinn
80%
Podgorica Tirana
80%
Monaco Bern
77%
Berlin Prague
77%
Valletta Tripoli
52%
No matching quizzes found
Score Distribution
Percent of People with Each Score
Percentile by Number Answered
Your Score History
You have not taken this quiz